LEADER 00894nam a22002411i 4500 001 991001720589707536 005 20031205102553.0 008 040407s1948 it a||||||||||||||||ita 035 $ab12813485-39ule_inst 035 $aARCHE-079311$9ExL 040 $aDip.to Scienze Storiche$bita$cA.t.i. Arché s.c.r.l. Pandora Sicilia s.r.l. 082 04$a769.92 100 1 $aMariani, Valerio$024629 245 10$aBartolomeo Pinelli /$cValerio Mariani 260 $aRoma :$bOlympus,$c1948 300 $a141 p., 52 p. di tav., [2] c. di tav. :$bill. ;$c28 cm 600 14$aPinelli, Bartolomeo 907 $a.b12813485$b02-04-14$c16-04-04 912 $a991001720589707536 945 $aLE009 LA MON P 48 (Fondo Bottari)$g1$lle009$o-$pE0.00$q-$rn$so $t0$u0$v0$w0$x0$y.i13362276$z16-04-04 996 $aBartolomeo Pinelli$9298530 997 $aUNISALENTO 998 $ale009$b16-04-04$cm$da $e-$fita$git $h0$i1 LEADER 04663oam 2200649I 450 001 9910786270503321 005 20230126210145.0 010 $a1-135-08254-5 010 $a0-203-06830-0 010 $a1-299-14108-0 010 $a1-135-08255-3 024 7 $a10.4324/9780203068304 035 $a(CKB)2670000000331286 035 $a(StDuBDS)AH24959576 035 $a(SSID)ssj0000833416 035 $a(PQKBManifestationID)12381113 035 $a(PQKBTitleCode)TC0000833416 035 $a(PQKBWorkID)10935831 035 $a(PQKB)10561283 035 $a(MiAaPQ)EBC1125171 035 $a(Au-PeEL)EBL1125171 035 $a(CaPaEBR)ebr10659513 035 $a(CaONFJC)MIL445358 035 $a(OCoLC)827955460 035 $a(OCoLC)828246066 035 $a(FINmELB)ELB133978 035 $a(EXLCZ)992670000000331286 100 $a20180706d2013 uy 0 101 0 $aeng 135 $aur||||||||||| 181 $ctxt 182 $cc 183 $acr 200 10$aImagining the pagan past $egods and goddesses in literature and history since the Dark Ages /$fMarion Gibson 210 1$aAbingdon, Oxon :$cRoutledge,$d2013. 215 $a1 online resource (ix, 257 pages) 300 $aBibliographic Level Mode of Issuance: Monograph 311 $a0-415-67419-0 311 $a0-415-67418-2 320 $aIncludes bibliographical references and index. 327 $a1. Breaking the Pagan Silence 2. 'Gods of every shape and size' 3. Something Old, Something New 4. 'I wonder what Wotan will say to me' 5. New Ages 6. 'Find Me in Your Own Time' 330 $aThis title explores stories of Britain's pagan history. These tales have been characterized by gods and fairies, folklore and magic. The book shows how important these stories are to the history of British culture, taking the reader on a lively tour from prehistory to the present. 330 $bImagining the Pagan Past explores stories of Britain's pagan history. These tales have been characterised by gods and fairies, folklore and magic. They have had an uncomfortable relationship with the scholarly world; often being seen as historically dubious, self-indulgent romance and, worse, encouraging tribal and nationalistic feelings or challenging church and state. This book shows how important these stories are to the history of British culture, taking the reader on a lively tour from prehistory to the present. From the Middle Ages to the twenty-first century, Marion Gibson explores the ways in which British pagan gods and goddesses have been represented in poetry, novels, plays, chronicles, scientific and scholarly writing. From Geoffrey of Monmouth to Edmund Spenser, William Shakespeare to Seamus Heaney and H.G. Wells to Naomi Mitchison it explores Romano-British, Celtic and Anglo-Saxon deities and fictions. The result is a comprehensive picture of the ways in which writers have peopled the British pagan pantheons throughout history. Imagining the Pagan Past will be essential reading for all those interested in the history of paganism. Imagining the Pagan Past explores stories of Britain's pagan history. These tales have been characterised by gods and fairies, folklore and magic. They have had an uncomfortable relationship with the scholarly world; often being seen as historically dubious, self-indulgent romance and, worse, encouraging tribal and nationalistic feelings or challenging church and state. This book shows how important these stories are to the history of British culture, taking the reader on a lively tour from prehistory to the present. From the Middle Ages to the twenty-first century, Marion Gibson explores the ways in which British pagan gods and goddesses have been represented in poetry, novels, plays, chronicles, scientific and scholarly writing. From Geoffrey of Monmouth to Edmund Spenser, William Shakespeare to Seamus Heaney and H.G. Wells to Naomi Mitchison it explores Romano-British, Celtic and Anglo-Saxon deities and fictions. The result is a comprehensive picture of the ways in which writers have peopled the British pagan pantheons throughout history. Imagining the Pagan Past will be essential reading for all those interested in the history of paganism. 606 $aFolklore$zGreat Britain 606 $aMythology, British 607 $aGreat Britain$xSocial life and customs 615 0$aFolklore 615 0$aMythology, British. 676 $a398.20941 700 $aGibson$b Marion$f1970-,$0911901 801 0$bMiAaPQ 801 1$bMiAaPQ 801 2$bMiAaPQ 906 $aBOOK 912 $a9910786270503321 996 $aImagining the pagan past$93792924 997 $aUNINA